Loading...
| Fine Arts - Classical Music | 7 | 11.43 | 71% | 29% | 14% |
| Fine Arts - Other Fine Arts | 6 | 11.67 | 67% | 50% | 0% |
| Fine Arts - Painting and Sculpture | 5 | 16.00 | 100% | 60% | 0% |
| Geography | 1 | 10.00 | 100% | 0% | 0% |
| History - American History | 5 | 12.00 | 100% | 20% | 0% |
| History - European History | 6 | 18.33 | 100% | 67% | 17% |
| History - Other History | 7 | 17.14 | 86% | 57% | 29% |
| History - World History | 5 | 12.00 | 100% | 20% | 0% |
| Literature - American Literature | 6 | 11.67 | 100% | 17% | 0% |
| Literature - British Literature | 3 | 20.00 | 100% | 100% | 0% |
| Literature - European Literature | 6 | 13.33 | 100% | 33% | 0% |
| Literature - World Literature | 5 | 12.00 | 100% | 0% | 20% |
| Mythology | 5 | 14.00 | 100% | 40% | 0% |
| Other Academic | 2 | 15.00 | 100% | 50% | 0% |
| Philosophy | 4 | 10.00 | 100% | 0% | 0% |
| Pop Culture | 2 | 20.00 | 100% | 50% | 50% |
| Religion | 6 | 10.00 | 83% | 17% | 0% |
| Science - Biology | 2 | 15.00 | 100% | 50% | 0% |
| Science - Chemistry | 6 | 16.67 | 100% | 50% | 17% |
| Science - Other Science | 5 | 12.00 | 80% | 40% | 0% |
| Science - Physics | 5 | 10.00 | 100% | 0% | 0% |
| Social Science | 2 | 5.00 | 50% | 0% | 0% |